Tilastot visalle Sanat - "On syksy niin ihmeellinen"

Klikkaa tästä pelataksesi tätä visaa!

Yleistilastot

  • Tätä visaa on pelattu 21 kertaa
  • Keskiarvotulos 68 / 95

Vastaustilastot

Vastaus% Oikein
en
100%
en
100%
ihmeellinen
100%
ihmeellinen
100%
kaikkea
100%
kaikkea
100%
niin
100%
niin
100%
on
100%
On
100%
On
100%
syksy
100%
syksy
100%
ymmärrä
100%
ymmärrä
100%
maa
85%
maa
85%
maa
85%
minä
85%
minä
85%
Miten
85%
miten
85%
miten
85%
siilit
85%
vihreä
85%
ei
77%
etanat
77%
ja
77%
ja
77%
käy
77%
käy
77%
lentävät
77%
linnut
77%
merien
77%
Mihin
77%
mihin
77%
missä
77%
missä
77%
missään
77%
näy
77%
niitä
77%
nyt
77%
nyt
77%
nyt
77%
saa
77%
saa
77%
saa
77%
saa
77%
taa
77%
uuden
77%
värin
77%
ne
69%
ne
69%
siilien
69%
syksyllä
69%
värit
69%
värit
69%
allako
62%
asustaa
62%
hehkuvat
62%
katoaa
62%
kotimaa
62%
Kuka
62%
kuka
62%
lehdet
62%
loistossaan
62%
maalarin
62%
mullan
62%
pensselillään
62%
pois
62%
punertaa
62%
tuon
62%
värjäämään
62%
kaikki
54%
kypsyvät
54%
mikä
54%
nuo
54%
puolukat
54%
suo
54%
vaan
54%
ihmeitä
46%
karpalot
46%
kauniiksi
46%
kesäinen
46%
koko
46%
maan
46%
marjat
46%
muuttaa
46%
päälleen
46%
punertumaan
46%
saapi
46%
syksyn
46%
vaahterat
46%
muutoksen
38%
mistä
31%

Tulosjakauma

Persentiili vastausten määrän mukaan

Jokaisen tuloksen saaneiden osuus

Tuloshistoriasi

Et ole pelannut tätä visaa